[Event "ch-ISL 2015"]
[Site "Reykjavik ISL"]
[Date "2015.05.24"]
[Round "11.6"]
[White "Stefansson, Hannes"]
[Black "Danielsen, Henrik"]
[Result "1-0"]
[WhiteTitle "GM"]
[BlackTitle "GM"]
[WhiteElo "2590"]
[BlackElo "2520"]
[WhiteFideId "2300087"]
[BlackFideId "1400185"]
[EventDate "2015.05.14"]

1. e4 d6 2. d4 Nf6 3. Nc3 e5 4. Nf3 Nbd7 5. Bc4 Be7 6. O-O O-O 7. a4 c6 8. h3 h6
9. Re1 b6 10. Be3 Rb8 11. Ba2 a6 12. Nh4 b5 13. axb5 axb5 14. Ng6 Re8 15. Qf3
Nf8 16. Nxe5 dxe5 17. dxe5 Be6 18. exf6 Bxf6 19. Bf4 Ra8 20. e5 Bxa2 21. exf6
Rxe1+ 22. Rxe1 Qxf6 23. b3 b4 24. Na4 Rd8 25. Be3 Qg6 26. Qe2 Qf6 27. Qc4 Ng6
28. Qxb4 1-0